Companion to English Literature (Record no. 186035)

000 -LEADER
fixed length control field 00462 a2200181 4500
003 - CONTROL NUMBER IDENTIFIER
control field Nust
005 - DATE AND TIME OF LATEST TRANSACTION
control field 20230126152402.0
040 ## - CATALOGING SOURCE
Transcribing agency Nust
082 ## - DEWEY DECIMAL CLASSIFICATION NUMBER
Classification number 842,HAR
100 ## - MAIN ENTRY--PERSONAL NAME
Personal name Harvey,Paul sir
9 (RLIN) 107804
245 ## - TITLE STATEMENT
Title Companion to English Literature
Remainder of title The Oxford /
Statement of responsibility, etc. Sir Paul Harvey
250 ## - EDITION STATEMENT
Edition statement 2 nd
260 ## - PUBLICATION, DISTRIBUTION, ETC.
Place of publication, distribution, etc. london
Name of publisher, distributor, etc. Oxford
300 ## - PHYSICAL DESCRIPTION
Extent 910:p
538 ## - SYSTEM DETAILS NOTE
System details note Almirah No.59 Shelf No.1
650 ## - SUBJECT ADDED ENTRY--TOPICAL TERM
Topical term or geographic name entry element Companion to English Literature
9 (RLIN) 107805
942 ## - ADDED ENTRY ELEMENTS (KOHA)
Source of classification or shelving scheme
Koha item type Book
Holdings
Withdrawn status Lost status Source of classification or shelving scheme Damaged status Not for loan Permanent Location Current Location Shelving location Date acquired Full call number Barcode Date last seen Price effective from Koha item type Public note
          Military College of Signals (MCS) Military College of Signals (MCS) General Stacks 12/12/2016 842,HAR MCS29619 12/08/2016 12/12/2016 Book Almirah No.58, Shelf No.1
© 2023 Central Library, National University of Sciences and Technology. All Rights Reserved.